Trouve les différentes races de chiens - Statistiques

Statistiques générales
  • Ce quiz a été pris 75 fois
  • Le résultat moyen est 9 sur 12
Statistiques - réponses
Par images Réponse % Correct
Berger allemand
97%
Labrador
96%
Dalmatien
94%
Berger australien
90%
Chihuahua
85%
Caniche
84%
Malinois / Berger belge
81%
Golden retriever
76%
Bouledogue français
64%
Spitz
61%
Rottweiler
60%
Pinscher
33%
Aucun quiz correspondant
Distribution des résultats
% des personnes avec chaque résultat
Percentile par nombre de réponses
Votre historique - résultats
Vous n’avez pas pris ce quiz